Library of the University of Algiers 3
Ibrahim Sultan Cheibout
شعار جامعة الجزائر 3
مكتبة جامعة الجزائر 3
إبراهيم سلطان شيبوط

تحليل البيانات باستخدام برنامج Microsoft Excel 2003 : (رقم التسجيلة. 45575)

تفاصيل مارك
000 -LEADER
fixed length control field 01288nam a2200241Ia 4500
003 - CONTROL NUMBER IDENTIFIER
control field Ost
005 - DATE AND TIME OF LATEST TRANSACTION
control field 20260507075650.0
008 - FIXED-LENGTH DATA ELEMENTS--GENERAL INFORMATION
fixed length control field 260507s9999||||xx |||||||||||||| ||und||
020 ## - INTERNATIONAL STANDARD BOOK NUMBER
International Standard Book Number 7737287977
040 ## - CATALOGING SOURCE
Transcribing agency fsecg
041 ## - LANGUAGE CODE
Language code of text/sound track or separate title ara
082 ## - DEWEY DECIMAL CLASSIFICATION NUMBER
Classification number 5.369
100 ## - MAIN ENTRY--PERSONAL NAME
Personal name عناني، عمرو
Relator term مؤلف
245 #0 - TITLE STATEMENT
Title تحليل البيانات باستخدام برنامج Microsoft Excel 2003 :
Remainder of title الإصدارات من Excel 2000 الىExcel 2003 /
Statement of responsibility, etc. عمرو عناني
260 ## - PUBLICATION, DISTRIBUTION, ETC.
Place of publication, distribution, etc. القاهرة:
Name of publisher, distributor, etc. دار الكتب العلمية للنشر والتوزيع,
Date of publication, distribution, etc. 2004
300 ## - PHYSICAL DESCRIPTION
Extent 262 صفحة؛
Other physical details إيضاحات ؛
Dimensions 24 سم
520 ## - SUMMARY, ETC.
Summary, etc. تصنيف البيانات- الاساليب المبدئية المستخدمة في تحليل البيانات- تحليل البيانات في Microsoft Excel- التعرف على تقارير الجداول المحورية وتقارير التخطيطات البيانية المحورية- تحليل البيانات باستخدام مكونات ويب لحزمة برامج office- أدوات تحليل البيانات في Exce.
653 ## - INDEX TERM--UNCONTROLLED
Uncontrolled term البرمجيات
653 ## - INDEX TERM--UNCONTROLLED
Uncontrolled term الحاسبات الإلكترونية
653 ## - INDEX TERM--UNCONTROLLED
Uncontrolled term تحليل البيانات
653 ## - INDEX TERM--UNCONTROLLED
Uncontrolled term Microsoft Excel 2003
942 ## - ADDED ENTRY ELEMENTS (KOHA)
Koha item type كتب
المقتنيات
Withdrawn status Lost status Source of classification or shelving scheme Damaged status Not for loan Home library Current library Date acquired Serial enumeration / chronology Inventory number Total checkouts Full call number Barcode Date last seen Price effective from Koha item type
    Library of Congress Classification   NOT LOAN / إعارة داخلية مكتبة كلية العلوم الإقتصادية والعلوم التجارية وعلوم التسيير مكتبة كلية العلوم الإقتصادية والعلوم التجارية وعلوم التسيير 07/05/2026 الطابق الأرضي 1/1707   أ/1707ن1 1/1707 07/05/2026 07/05/2026 كتب

موارد الويب المفتوحة


© University of Algiers 3 All Rights Reserved
|
Implemented by LECHELAH Riad